000 00613cam a2200205 a 4500
001 000001118
005 20200929145459.0
008 790611s1978 enka 001 0ceng
020 _a0600345416
040 _aDO-SdBNP
_cDLC
_dDLC
050 0 0 _aGV1131
_b.C66
082 _a796.8/3/0922
_bC776g
100 1 _aCooper, Henry,
_d1934-
_93838
245 1 4 _aThe great heavyweights /
_cHenry Cooper.
260 _aLondon, Inglaterra ; :
_bHamlyn,
_c1978.
300 _a176 p. :
_bil. ;
_c31 cm.
650 0 _aBoxers (sports)
_xBiography.
_93839
650 0 _aBoxing
_xHistory.
_93840
910 _aCatalogación por copia / LC
999 _c1076
_d1076